Σχεδιασμός εκπαιδευτικής εφαρμογής για την οικία της «αρπαγής της Ελένης» του αρχαιολογικού χώρου της Πέλλας με χρήση 3D γραφικών : μεταπτυχιακή διατριβή

Η παρούσα εργασία έχει ως στόχο τον σχεδιασμό μιας εκπαιδευτικής εφαρμογής για τον αρχαιολογικό χώρο της Πέλλας. Η εφαρμογή σχεδιάστηκε για την οικία «της αρπαγής της Ελένης» του Αρχαιολογικού χώρου και στοχεύει στη διευκόλυνση του επισκέπτη στην διαδικασία προσέγγισης του χώρου. Στόχος της εφαρμογή...

Full description

Saved in:
Bibliographic Details
Main Author: Τσίτα, Χριστίνα
Corporate Author: Πανεπιστήμιο Αιγαίου. Σχολή Κοινωνικών Επιστημών. Τμήμα Πολιτισμικής Τεχνολογίας και Επικοινωνίας. Πρόγραμμα Μεταπτυχιακών Σπουδών Πολιτισμική Πληροφορική και Επικοινωνία
Other Authors: Μπούνια, Αλεξάνδρα (dgsf [Επιβλέπουσα καθηγήτρια])
Format: Thesis Book
Language:Greek
Published: 2014.
Subjects:
Tags: Add Tag
No Tags, Be the first to tag this record!

MARC

LEADER 00000cam a2200000 a 4500
001 1/107936
008 150813s2014####gr a| ||| |||| ||gre||
040 |a GR-MyUa  |b gre  |c GR-MyUa  |e AACR2 
041 0 |a gre 
082 7 |a 006.7   |2 (23)  
100 1 |a Τσίτα, Χριστίνα. 
245 1 0 |a Σχεδιασμός εκπαιδευτικής εφαρμογής για την οικία της «αρπαγής της Ελένης» του αρχαιολογικού χώρου της Πέλλας με χρήση 3D γραφικών :   |b μεταπτυχιακή διατριβή /   |c Τσίτα Χριστίνα ; επιβλέπουσα: Μπούνια Αλεξάνδρα.  
260 |c 2014.  
300 |a 132 σ. :   |b εικ. ;   |c 30 εκ.  
502 |a Διατριβή (μεταπτυχιακή) - Πανεπιστήμιο Αιγαίου, Λέσβος, 2014.  
504 |a Περιλαμβάνει βιβλιογραφία και παραρτήματα.  
506 0 |a Ηλεκτρονική διάθεση στο πλήρες κείμενο - ελεύθερης πρόσβασης.  
520 8 |a Η παρούσα εργασία έχει ως στόχο τον σχεδιασμό μιας εκπαιδευτικής εφαρμογής για τον αρχαιολογικό χώρο της Πέλλας. Η εφαρμογή σχεδιάστηκε για την οικία «της αρπαγής της Ελένης» του Αρχαιολογικού χώρου και στοχεύει στη διευκόλυνση του επισκέπτη στην διαδικασία προσέγγισης του χώρου. Στόχος της εφαρμογής είναι να αντιληφθεί ο επισκέπτης τη χρήση του εξοπλισμού της οικίας. Η εφαρμογή σχεδιάζεται για τη χρήση της σε φορητή συσκευή (tablet) την οποία χρησιμοποιεί ο επισκέπτης του αρχαιολογικού χώρου όταν βρίσκεται στην οικία «της αρπαγής της Ελένης». Τα δεδομένα που εμφανίζονται στην οθόνη της συσκευής περιλαμβάνουν εκθέματα του Μουσείου και αφορούν τη χρήση του χώρου στον οποίο βρίσκεται ο επισκέπτης. Τα δεδομένα που παρουσιάζονται στην οθόνη της συσκευής παρουσιάζονται κυρίως με τρισδιάστατα γραφικά.  
540 |a Κλειδωμένη η δυνατότητα αντιγραφής (copy) από το ηλεκτρονικό αρχείο.  
650 0 |a Virtual museums. 
650 0 |a Virtual computer systems. 
650 0 |a Three-dimensional imaging. 
650 0 |a Computer graphics. 
650 0 |a Museums  |x Interactive multimedia. 
700 1 |a Μπούνια, Αλεξάνδρα,  |e dgsf [Επιβλέπουσα καθηγήτρια] 
710 2 |a Πανεπιστήμιο Αιγαίου.   |b Σχολή Κοινωνικών Επιστημών.   |b Τμήμα Πολιτισμικής Τεχνολογίας και Επικοινωνίας.   |b Πρόγραμμα Μεταπτυχιακών Σπουδών Πολιτισμική Πληροφορική και Επικοινωνία. 
852 |a INST  |b LESVOS  |c DIATR  |e 20150813  |h 569  |p 005100056711  |q 005100056711  |t MTXE  |y 23 
852 |a INST  |b LESVOS  |c DIATR  |e 20150813  |h 570  |p 005100056703  |q 005100056703  |t MTXE  |y 23 
924 |a Τσίτα  |b Χριστίνα   |y Λέσβος  |z 2014-05  
970 |a Τζαφέρη   |b Ευαγγελία   |z 12-08-2015